Villes de l'ex-URSS - Mort subite - Statistiques

Statistiques générales
  • Ce quiz a été pris 116 fois
  • Le résultat moyen est 7 sur 13
Answers on the Grid
Answers color-coded by a green-red scale on the quiz's grid according to % correct below.
Vladivostok
Cracovie
Bichkek
Aktioubé
Helsinki
Téhéran
Sébastopol
Tallinn
Bucarest
Chişinău
Sofia
Belgrade
Budapest
Oufa
Saint-Pétersbourg
Tbilissi
Oulan-Bator
Pékin
Krasnodar
Louhansk
Lviv
Bratislava
Samara
Samsun
 
Statistiques - réponses
Réponse % Correct
Saint-Pétersbourg
73%
Vladivostok
71%
Sébastopol
69%
Louhansk
60%
Tallinn
59%
Tbilissi
59%
Bichkek
58%
Krasnodar
58%
Lviv
54%
Chişinău
47%
Samara
39%
Oufa
34%
Aktioubé
18%
Aucun quiz correspondant
Distribution des résultats
% des personnes avec chaque résultat
Percentile par nombre de réponses
Votre historique - résultats
Vous n’avez pas pris ce quiz